[Event "Tallin Keres Memorial Rapid 32nd"]
[Site "Tallinn"]
[Date "2023.01.07"]
[Round "1"]
[White "Ehlvest, Jaan"]
[Black "Cherentsov, Mikhail"]
[Result "1-0"]
[WhiteElo "2530"]
[BlackElo "1373"]
[PlyCount "55"]
[EventDate "2023.01.07"]
[EventType "swiss (rapid)"]
[EventRounds "11"]
[EventCountry "EST"]
[SourceTitle "CBM 212 Extra"]
[Source "ChessBase"]
[SourceDate "2023.03.31"]
[SourceVersion "1"]
[SourceVersionDate "2023.03.31"]
[SourceQuality "1"]

1. e4 g6 2. d4 d6 3. Nc3 Bg7 4. Be3 Nd7 5. Nf3 b6 6. Bc4 e6 7. a4 Bb7 8. a5 Ngf6 9. d5 exd5 10. exd5 bxa5 11. Rxa5 Nb6 12. Bb3 0-0 13. 0-0 Ng4 14. Bd4 Ne5 15. Nxe5 dxe5 16. Be3 Qd7 17. Ne4 Rfd8 18. c4 c6 19. d6 c5 20. Nxc5 Qc6 21. Nxb7 Qxb7 22. c5 Nd7 23. Bd5 Qb4 24. Bd2 Qxb2 25. Bxa8 Rxa8 26. c6 Nb6 27. d7 Nc4 28. Rxa7 1-0

[Event "EST-ch U14"]
[Site "Tallinn"]
[Date "2022.05.22"]
[Round "7"]
[White "Cherentsov, Mikhail"]
[Black "Rajandu, Aaron"]
[Result "1/2-1/2"]
[WhiteElo "1325"]
[BlackElo "1292"]
[PlyCount "160"]
[EventDate "2022.05.19"]
[EventType "swiss"]
[EventRounds "8"]
[EventCountry "EST"]
[SourceTitle "EXT 2023"]
[Source "ChessBase"]
[SourceDate "2022.10.05"]
[SourceVersion "1"]
[SourceVersionDate "2022.10.05"]
[SourceQuality "1"]

1. e4 c5 2. Nf3 d6 3. d4 cxd4 4. Nxd4 Nf6 5. Nc3 a6 6. f3 e5 7. Nb3 Be6 8. Be3 Be7 9. Qd2 0-0 10. 0-0-0 Nbd7 11. Kb1 b5 12. a3 Nc5 13. Nc1 Qc7 14. g4 Rfb8 15. h4 Bc4 16. h5 a5 17. g5 b4 18. Bxc4 bxc3 19. Qxc3 d5 20. Bxd5 Nxd5 21. Rxd5 Rxb2+ 22. Qxb2 Rb8 23. Nb3 Na4 24. Qxe5 Nc3+ 25. Ka1 Nxd5 26. Qxc7 Nxc7 27. Nxa5 Ra8 28. Nc4 Bxa3 29. Ka2 Be7+ 30. Kb2 Ne6 31. f4 Rb8+ 32. Kc3 Bb4+ 33. Kd3 Rd8+ 34. Ke2 Nd4+ 35. Bxd4 Rxd4 36. Ne3 Rxe4 37. Rb1 Bd6 38. Rd1 Bc7 39. Kd3 Re8 40. Nd5 Rd8 41. Ke4 Kf8 42. Rd3 Bd6 43. Ne3 Bc7 44. Ra3 f6 45. gxf6 gxf6 46. Nd5 f5+ 47. Kd4 Bxf4 48. Rf3 Bh6 49. Rxf5+ Ke8 50. c4 Rd7 51. Kc5 Kd8 52. Rf6 Bg7 53. Ra6 Rb7 54. Kc6 Rb8 55. Ra7 Rc8+ 56. Kb5 Bf8 57. Nb6 Rc5+ 58. Ka6 Rxh5 59. Rd7+ Ke8 60. Kb7 Rh6 61. Rd5 Rd6 62. Rh5 Re6 63. c5 Kd8 64. Rd5+ Ke8 65. c6 Bd6 66. Nc4 Bf4 67. Rh5 Re7+ 68. Kb6 Bc7+ 69. Kc5 Kd8 70. Kd5 Rf7 71. Ke6 Re7+ 72. Kf6 Re8 73. Rxh7 Kc8 74. Rg7 Rh8 75. Ne5 Bxe5+ 76. Kxe5 Rh1 77. Kd6 Rd1+ 78. Ke6 Re1+ 79. Kf5 Rf1+ 80. Kg6 Rg1+ 1/2-1/2